=LDR 00000nam 2200000 4500 =001 INLIS000000000044492 =005 20131008105936 =008 ***********************************Eng** =035 ##$$0010-101300000002414 =041 ##$$a Eng =082 ##$$a 686.44 =090 ##$$a 686.44 ; Phy b =100 ##$$a Williams, Edgar M =245 ##$$a The Physics and Technology of Xerographic Processes , Edgar M. Williams =850 ##$$a NBPNMAT